| 000 | 00357nam a2200133Ia 4500 | ||
|---|---|---|---|
| 005 | 20251222144902.0 | ||
| 008 | 251222s9999||||xx |||||||||||||| ||spa|| | ||
| 020 | _a8487837085 | ||
| 082 | _a352.3/S84 | ||
| 245 | 0 | _aTodo lo que hay que saber sobre el Ciudadano y la Administración | |
| 250 | _a1ra. ed. | ||
| 264 | _bStudio Books Ediciones | ||
| 942 | _cLIB | ||
| 999 |
_c22003 _d22003 |
||